| 000 | 00508nam a2200193Ia 4500 | ||
|---|---|---|---|
| 003 | 0100 | ||
| 005 | 20150401110354.0 | ||
| 008 | 130303s9999 xx 000 0 und d | ||
| 020 | _a0300036299 | ||
| 040 | _cARRUPELIB | ||
| 050 | _aB2798.A634 1983 | ||
| 100 |
_aAllison, Henry E _96411 |
||
| 245 | _aKant's transcendental idealism | ||
| 245 | _ban interpretation and defense | ||
| 260 |
_aLondon _bYale University Press _c1983 |
||
| 300 | _aix | ||
| 300 | _b 389p. 23cm. | ||
| 942 | 0 | 0 |
_02 _2lcc _cMONOGRAPH |
| 999 |
_c24528 _d24528 |
||